Good governance, democracy and development paradigms.

Pokus o definíciu a rozbor atribútov "dobrej vlády", ktorá sa stáva ústredným pojmom medzinárodných rokovaní o rozvoji a spolupráci. Aké meradlá použiť pri hodnotení spôsobu vlády a aké sú jeho vzťahy k rozvoju, účasti na politickom živote a demokracii. Posúdenie dopadu hodnotenia kvality vlády dane...

ver descrição completa

Na minha lista:
Detalhes bibliográficos
Autor principal: Repnik, H.P
Outros Autores: Mohs, R.-M
Formato: Capítulo de Livro
Idioma:inglês
Assuntos:
Tags: Adicionar Tag
Sem tags, seja o primeiro a adicionar uma tag!

MARC

LEADER 00000naa a2200000 4500
001 r008257
005 20221208122654.5
041 0 |a eng 
044 |a DE 
245 1 0 |a Good governance, democracy and development paradigms.  |c H.P. Repnik, R.-M. Mohs 
520 |a Pokus o definíciu a rozbor atribútov "dobrej vlády", ktorá sa stáva ústredným pojmom medzinárodných rokovaní o rozvoji a spolupráci. Aké meradlá použiť pri hodnotení spôsobu vlády a aké sú jeho vzťahy k rozvoju, účasti na politickom živote a demokracii. Posúdenie dopadu hodnotenia kvality vlády danej krajiny zo strany poskytovateľov pomoci na bilaterálnej a mnohostrannej základni. Kritériá pre poskytnutie pomoci krajinám. 
610 2 0 |a vláda 
610 2 0 |a demokracia 
610 2 0 |a politika zahraničná 
610 2 0 |a pomoc medzinárodná 
610 2 0 |a politika vnútorná 
100 1 |a Repnik, H.P. 
700 1 |a Mohs, R.-M.